| 000 | 01377nam a2200361 c 4500 | ||
|---|---|---|---|
| 003 | BLK | ||
| 005 | 20230908130313.0 | ||
| 008 | 180410b bul|||||r ||||||| ||bul|| | ||
| 010 | _aKNG00157979000 | ||
| 020 |
_a978-619-152-107-4 _bиздат.: Изток-Запад |
||
| 040 | _aBLK | ||
| 041 |
_aBUL _cBUL |
||
| 072 | 7 |
_2bullib _aН83 _xЧужда художествена литература Н |
|
| 080 |
_aФренска литература _b821.133.1 _x-31 _z821.133.1-31 |
||
| 100 | 1 |
_aСарду, Ромен _eпърви автор _9331466 |
|
| 700 | 1 |
_aАтанасов, Владимир Герчев _eпрев. от фр. _9379943 |
|
| 139 |
_aСарду, Ромен _bС 20 |
||
| 245 | 1 | 0 |
_aИ опрости нам греховете _bРоман _cРомен Сарду; прев. от фр. Владимир Герчев Атанасов. |
| 257 | _aFRA | ||
| 260 |
_аСофия _bИзток-Запад _c2012 |
||
| 300 |
_a396 с. _c22 см |
||
| 380 | _aX | ||
| 490 | 1 | _aMagica | |
| 500 | _aОриг. загл. Pardonnez nos offenses / Romain Sardou. | ||
| 653 | _aромани | ||
| 659 | _aН | ||
| 852 | _aЦб 263834 | ||
| 856 | 4 |
_qpdf _u |
|
| 856 | 4 |
_qpdf _u |
|
| 942 |
_cKNG _n0 _04 |
||
| 944 |
_aCR _c17.03.2014 _lЦветомила Тодорова _k30576 |
||
| 944 |
_aED _c05.02.2015 _lф / _kЛюдмила_Стоянова |
||
| 999 |
_c151575 _d151575 |
||